Solidarismo: una asociación empresarial /

Analiza el solidarismo en Costa Rica, donde este movimiento obrero-patronal es promovido por la Escuela Social Juan XXIII, la cual pone en los trabajadores "armas materiales y espirituales frente al comunismo", y por la Unión Solidarista Costarricense, conformada por empresarios que resalt...

Disgrifiad llawn

Wedi'i Gadw mewn:
Manylion Llyfryddiaeth
Prif Awdur: Saballos, Edwin
Fformat: Llyfr
Iaith:Spanish
Pynciau:
Tagiau: Ychwanegu Tag
Dim Tagiau, Byddwch y cyntaf i dagio'r cofnod hwn!

MARC

LEADER 00000nam a22000007a 4500
003 cru CIDCACS/IIS
005 20220913143122.0
008 201105b ||||| |||| 00| 0 spa d
040 |c CRAI/IIS 
100 1 |9 9415  |a Saballos, Edwin 
245 1 |a Solidarismo: una asociación empresarial /  |c Edwin Saballos 
300 |a páginas 11-12:  |b ilustraciones 
500 |a Colección Centroamérica 
520 |a Analiza el solidarismo en Costa Rica, donde este movimiento obrero-patronal es promovido por la Escuela Social Juan XXIII, la cual pone en los trabajadores "armas materiales y espirituales frente al comunismo", y por la Unión Solidarista Costarricense, conformada por empresarios que resaltan el aspecto económico como instrumento fundamental para atraer a los trabajadores. Se señalan las opiniones de los investigadores del movimiento sindical costarricense de la Asociación de Servicios de Promoción Laboral (ASEPROLA), sobre el movimiento pluriclasista que es el solidarismo, el apoyo de los neoliberales y sobre la posibilidad de que este movimiento se extienda en Centroamérica. ASEPROLA sostiene que el solidarismo no se le presenta al empresariado como un instrumento para legitimar sus políticas económicas, por ello es posible que cuente con el apoyo de organismos financieros internacionales que promuevan el solidarismo patronal y legitimen las políticas neoliberales que se impulsan en la región. AR/MR 
650 4 |9 9209  |a ASOCIACIONES SOLIDARISTAS 
650 0 |9 3811  |a EMPRESARIOS 
650 0 |9 129  |a NEOLIBERALISMO 
650 0 |9 4  |a MOVIMIENTOS OBREROS 
650 0 |9 2799  |a RELACIONES LABORALES 
650 0 |9 4093  |a ORGANIZACIONES PATRONALES 
650 0 |9 5781  |a ASOCIACIONES DE EMPLEADOS 
650 0 |9 4804  |a CONFLICTOS LABORALES 
773 0 |0 43109  |9 5015  |a Coordinadora Regional de Investigaciones Económicas y Sociales  |d Managua, Nicaragua: CRIES, 1982-  |o 22344  |t Pensamiento Propio / 
942 |2 ddc  |c PP 
999 |c 43484  |d 43484